000 00597nam a2200241 a 4500
001 nice12345678
003 IN_TiNIC
005 20260116011416.0
008 050524s1985 teha grp 000 0 per
020 _a
_c100
082 0 0 _a244
_bNOZ
100 _aNozad, Rajab Ali
245 _aInsan Chiguna Ewaz Mishawad, How Man Is Changed
260 _aTehran
_bNo Publisher
_c1985
300 _a49p
500 _aincludes index and biblioraphy
505 2 _aAppendix
650 _aChristianity-Miscellany
700 1 _aNozad, Rajab Ali
902 _bRBA
942 _cBK
999 _c1278
_d1278